| 000 | 00498nam a2200169Ia 4500 | ||
|---|---|---|---|
| 999 |
_c23410 _d23410 |
||
| 003 | OSt | ||
| 005 | 20200214155400.0 | ||
| 008 | 190216s9999||||xx |||||||||||||| ||und|| | ||
| 040 | _coclc | ||
| 082 |
_a297 _bKUT/Q |
||
| 100 |
_aKuttiyammu, T P _92008 |
||
| 245 | 0 |
_aQuaran Padanathileku Oru Theerthayathra / _cT P Kuttiyammu |
|
| 260 |
_bKuttiyammu Sahib Trust, _c2004. _aCalicut: |
||
| 300 | _a248p | ||
| 650 | _aIslamic History | ||
| 942 |
_cBK _2ddc _h297 _iKUT/Q _k297 _mKUT/Q |
||